El futuro de la creación
Guardat en:
| Autor principal: | |
|---|---|
| Format: | Llibre |
| Idioma: | espanyol |
| Publicat: |
Salamanca
Ediciones Sígueme
1979
|
| Edició: | 1a. ed |
| Col·lecció: | Verdad e Imagen, 58
|
| Matèries: | |
| Etiquetes: |
Afegir etiqueta
Sense etiquetes, Sigues el primer a etiquetar aquest registre!
|
MARC
| LEADER | 00000cam a2200000 a 4500 | ||
|---|---|---|---|
| 001 | UCE7603 | ||
| 003 | CL-VaPUC | ||
| 008 | 150626e19790000sp |||||||||||||||||spa|d | ||
| 020 | |a 8430107762 | ||
| 082 | 0 | 4 | |a 236 |b MOL |2 21 |
| 100 | |a Moltmann, Jürgen |e autor |9 595969 | ||
| 245 | 1 | 3 | |a El futuro de la creación |
| 250 | |a 1a. ed | ||
| 300 | |a 211 p | ||
| 942 | |c BK | ||
| 945 | |d 20150626 15:30:00 |a gsalatino | ||
| 260 | |a Salamanca |b Ediciones Sígueme |c 1979 | ||
| 650 | 0 | |a Teología |9 258766 | |
| 650 | 7 | |a DOCTRINA CRISTIANA |2 CL-VaPUC |9 339115 | |
| 583 | |a last modification |c 20150626 15:30:00 |k Rodrigo Vera | ||
| 490 | 0 | |a Verdad e Imagen, 58 | |
| 999 | |c 359658 |d 359656 | ||
| 952 | |0 0 |1 0 |3 erb |4 0 |6 236_000000000000000_MOL_1979 |7 0 |8 A |9 469052 |a BIBTEO |b BIBTEO |e Casale Rolle, Carlos Ignacio, -2014 |i 5182581 |o 236 MOL 1979 |p 5182581 |r 2025-01-17 |w 2019-11-23 |y BK |z Catalogado en:20150626 |k ICR | ||